000 00283nam a2200109Ia 4500
008 190919s9999||||xx |||||||||||||| ||und||
100 _aDr.Rab Nawaz Samo
245 0 _aEncylopedic Manual of Everyday Science
260 _aKarachi
_bFaridi Book
_c2000
300 _a423
942 _cBK
999 _c10712
_d10712